Textbook of Applied Anatomy and Physiology for BSc Nursing Students (Record no. 367564)

MARC details
000 -LEADER
fixed length control field 00514nam a22001817a 4500
005 - DATE AND TIME OF LATEST TRANSACTION
control field 20250829132537.0
008 - FIXED-LENGTH DATA ELEMENTS--GENERAL INFORMATION
fixed length control field 250829b |||||||| |||| 00| 0 eng d
020 ## - INTERNATIONAL STANDARD BOOK NUMBER
International Standard Book Number 978-81-975310-8-8
041 ## - LANGUAGE CODE
Language code of text/sound track or separate title English
082 ## - DEWEY DECIMAL CLASSIFICATION NUMBER
Classification number A 611 SON DB1397
100 ## - MAIN ENTRY--PERSONAL NAME
Author Soni Pankaj
245 ## - TITLE STATEMENT
Title Textbook of Applied Anatomy and Physiology for BSc Nursing Students
250 ## - EDITION STATEMENT
Edition statement 2nd ed.
260 ## - PUBLICATION, DISTRIBUTION, ETC.
Place of publication, distribution, etc. Mohali, Punjab
Name of publisher, distributor, etc. Vision Health Sciences Publishers
Date of publication, distribution, etc. 2025
300 ## - PHYSICAL DESCRIPTION
Extent 548p
365 ## - TRADE PRICE
Price amount Rs.1295.00
942 ## - ADDED ENTRY ELEMENTS (KOHA)
Koha item type Donated Book
Holdings
Withdrawn status Lost status Source of classification or shelving scheme Damaged status Not for loan Home library Current library Date acquired Net Price Bill number Total Checkouts Total Renewals Full call number Barcode Date last seen Date last checked out Bill Date Koha item type Original Barcode
    Dewey Decimal Classification     Smt. Bakul Tambat Institute of Nursing Education Smt. Bakul Tambat Institute of Nursing Education 22/08/2025 1295.00 IK#2025-26#666 5 4 A 611 SON DB1397 BTIN-DB-1397 25/02/2026 07/02/2026 22/08/2025 Donated Book DB1397